000
00368nam a2200145Ia 4500
008
230411s9999 xx 000 0 und d
020
_a
978-93-81390-18-4
041
_a
eng
082
_a
N/613.2/SOH/B08495
100
_a
Sohi Darshan
245
_a
Textbook of Nutrition
260
_b
S Vikas and Co
_a
Jalandhar
_c
2009
300
_a
414p
999
_c
158183
_d
158183